| 000 | 01066cam a22002653a 4500 | ||
|---|---|---|---|
| 001 | 40898 | ||
| 003 | PGUSA | ||
| 005 | 20140828083921.0 | ||
| 008 | 120930s2012||||xxu|||||s|||||000 | eng d | ||
| 040 |
_aPGUSA _beng |
||
| 042 | _adc | ||
| 050 | 4 | _aF001 | |
| 050 | 4 | _aPS | |
| 100 | 1 |
_aParsons, Francis, _d1871-1937 |
|
| 245 | 1 | 4 |
_aThe Friendly Club and Other Portraits _h[electronic resource] / _cFrancis Parsons |
| 260 |
_bProject Gutenberg, _c2012 |
||
| 505 | 0 | _aThe friendly club -- The mystery of the Bell tavern -- The Hemans of America -- Whom the gods love -- An eccentric visitor -- Who was Peter Parley? -- A preacher of the gospel -- A friend of Lincoln -- Our Battle Laureate -- The temple of the muses -- The friend of youth -- The Christmas party -- The fabric of a dream -- The quiet life. | |
| 506 | _aPublic domain in the USA. | ||
| 516 | _aElectronic text | ||
| 653 | _aHartford (Conn.) -- Biography | ||
| 653 | _aAuthors, American | ||
| 830 | 0 |
_aProject Gutenberg _v40898 |
|
| 856 | 4 | 0 | _uhttp://www.gutenberg.org/ebooks/40898 |
| 942 | _cEB | ||
| 999 |
_c270150 _d270150 |
||